00743cam a2200229 i 45000010005000000030008000050050017000130080039000300200015000690350018000840400032001020410008001340820021001421000046001632450082002092600064002913000036003555040030003915040022004216500027004437000043004703892BD-RjUL20211208233810.0131221s1978 enk b 001 0 eng a0521217350 a(BD-RjUL)3926 aDLCcDLCdDLCdBD-RjULbeng aeng00a330.16bATD 19781 aAtkinson, A. B.q(Anthony Barnes),d1944-10aDistribution of personal wealth in Britain /cA. B. Atkinson, A. J. Harrison. aCambridge ;aNew York :bCambridge University Press,c1978. axiv, 330 p. :bgraphs ;c24 cm. aBibliography: p. 318-323. aIncludes indexes. 0aWealthzGreat Britain.1 aHarrison, A. J.q(Allan James),d1947-